| 000 | 00668nam a2200289Ia 4500 | ||
|---|---|---|---|
| 005 | 20260324122812.0 | ||
| 008 | 008 260324s9999 xx 000 0 eng d | ||
| 020 | _a9780429476891 | ||
| 037 | _aEBOOK | ||
| 040 | _aCRL | ||
| 040 | _beng | ||
| 040 | _cCRL | ||
| 041 | _2eng | ||
| 041 | _aeng | ||
| 084 | _qCRL | ||
| 100 |
_aJason W. Brown _91167875 |
||
| 245 | 0 | _aLove and Other Emotions | |
| 245 | 0 | _bOn the Process of Feeling | |
| 260 | _bTaylor and Francis | ||
| 260 | _c2012 | ||
| 365 | _a | ||
| 365 | _b220 | ||
| 856 | _uhttp://www.taylorfrancis.com/books/9780429476891 | ||
| 942 | _cEBOOK | ||
| 999 |
_c1760884 _d1760884 |
||